000 00195 a2200097 4500
020 _a9789972588310
041 _aspa
100 _aMunoz, Teresina
245 _aEl cocodrilo de tumbes
942 _cBK
999 _c30892
_d30890